000 00606nam a2200229Ia 4500
003 OSt
005 20220924152120.0
006 a|||||r|||| 00| 0
007 ta
008 220923b |||||||| |||| 00| 0 mar d
024 _a340917
037 _cTextual
040 _aARTS
_cARTS
_bmar
041 _2mar
_amar
082 _aO155,3NKA,4, K8
100 _aKalkelkar Madhusudan Au.
_9225846
245 0 _aAnol Jhalees kan?
260 _c1968
650 _aMARATHI LITERATURE
_938000
942 _hO155,3NKA,4, K8
_cTEXL
_2CC
999 _c468756
_d468756